Liczby od 1 do 10 w językach Europy - Statystyki

Ogólne statystyki
  • Ten quiz został rozwiązany 25 369 razy
  • Średni wynik to 32 z 80
Statystyki odpowiedzi
Język # Odpowiedź % Poprawnych
Angielski 1 One
92%
Francuski 1 Un
91%
Angielski 2 Two
90%
Hiszpański 1 Uno
89%
Włoski 1 Uno
89%
Angielski 4 Four
88%
Angielski 7 Seven
88%
Francuski 6 Six
88%
Angielski 6 Six
88%
Włoski 3 Tre
88%
Szwedzki 3 Tre
88%
Angielski 5 Five
87%
Angielski 10 Ten
87%
Angielski 3 Three
87%
Angielski 8 Eight
86%
Angielski 9 Nine
84%
Hiszpański 2 Dos
82%
Hiszpański 3 Tres
80%
Portugalski 3 Três
80%
Niemiecki 3 Drei
73%
Włoski 4 Quattro
72%
Niemiecki 2 Zwei
72%
Niemiecki 5 Fünf
70%
Portugalski 4 Quatro
69%
Niemiecki 8 Acht
67%
Niderlandzki 8 Acht
67%
Niemiecki 7 Sieben
67%
Niemiecki 9 Neun
61%
Niemiecki 6 Sechs
61%
Niemiecki 1 Eins
60%
Niemiecki 4 Vier
60%
Niderlandzki 4 Vier
60%
Niemiecki 10 Zehn
51%
Włoski 6 Sei
38%
Hiszpański 8 Ocho
34%
Hiszpański 5 Cinco
32%
Portugalski 5 Cinco
32%
Hiszpański 7 Siete
32%
Włoski 2 Due
28%
Hiszpański 9 Nueve
28%
Hiszpański 6 Seis
28%
Portugalski 6 Seis
28%
Hiszpański 4 Cuatro
26%
Hiszpański 10 Diez
23%
Francuski 5 Cinq
22%
Szwedzki 6 Sex
21%
Włoski 5 Cinque
15%
Włoski 8 Otto
15%
Francuski 4 Quatre
15%
Francuski 2 Deux
14%
Włoski 7 Sette
14%
Francuski 3 Trois
14%
Włoski 9 Nove
12%
Portugalski 9 Nove
12%
Francuski 7 Sept
12%
Włoski 10 Dieci
11%
Francuski 10 Dix
11%
Francuski 9 Neuf
11%
Szwedzki 1 En
10%
Francuski 8 Huit
10%
Niderlandzki 3 Drie
6%
Portugalski 7 Sete
6%
Portugalski 1 Um
6%
Portugalski 2 Dois
5%
Portugalski 10 Dez
4%
Niderlandzki 1 Een
4%
Niderlandzki 2 Twee
4%
Niderlandzki 6 Zes
4%
Szwedzki 5 Fem
3%
Szwedzki 4 Fyra
3%
Niderlandzki 9 Negen
3%
Szwedzki 9 Nio
3%
Portugalski 8 Oito
3%
Szwedzki 7 Sju
3%
Niderlandzki 10 Tien
3%
Szwedzki 2 Två
3%
Niderlandzki 5 Vijf
3%
Niderlandzki 7 Zeven
3%
Szwedzki 8 Åtta
2%
Szwedzki 10 Tio
2%
Nie znaleziono quizów pasujących do podanych kryteriów
Rozkład punktacji
Procent ludzi z każdym wynikiem
Percentyl według liczby udzielonych odpowiedzi
Twoja historia wyników
Nie rozwiązałeś tego quizu